000 00381nam a2200169Ia 4500
001 4506
003 IN-NITTTR
005 20251114233000.0
008 251113s9999||||xx |||||||||||||| ||eng||
040 _beng
040 _cIN-NITTTR
041 _aeng
082 _a669 L697T
100 _aLister, Raymond
245 4 _aThe craftsman in metal /
_cLister, Raymond
942 _2ddc
_cBK
999 _c7142
_d7142